00749nam a2200229Ia 4500003000900000008004100009020002200050040001600072080001300088100002500101245004800126250001200174260003200186300001400218490004100232650002000273650003200293650002900325942000700354999001700361952014100378IN-BaIIA211028s9999 xx 000 0 eng d a978-1-4398-0858-0 cIIA Library a535bTYS aTyson, Robert935549 0aPrinciples of adaptive opticscRobert Tyson a3rd ed. aBoca RatonbCRC Pressc2011 axv, 299p. aSeries in optics and optoelectronics aAdaptive optics aWavefront correction933588 aWavefront sensing926374 cBK c18504d18504 00104070aBANbBANcGENd2013-01-25eINT g4564.68l2o535/ TYSp19426r2024-07-26s2024-06-18v4564.68w2013-01-25yBKGRs. 4564.68